[Event "Mecklenburg VP LL (Women) 2021"]
[Site "Mecklenburg VP"]
[Date "2021.08.08"]
[Round "2.1"]
[White "Stepanjan, Marianne"]
[Black "Schumann, Rabea"]
[Result "0-1"]
[WhiteElo "1401"]
[BlackElo "1870"]
[PlyCount "60"]
[EventDate "2021.08.08"]
[EventType "team-tourn"]
[EventRounds "4"]
[EventCountry "GER"]
[SourceTitle "EXT 2024"]
[Source "ChessBase"]
[SourceDate "2023.10.10"]
[SourceVersion "1"]
[SourceVersionDate "2023.10.10"]
[SourceQuality "1"]
[WhiteTeam "Guestrow/Teterow (W) II"]
[BlackTeam "Guestrow/Teterow (W) III"]
[WhiteTeamCountry "GER"]
[BlackTeamCountry "GER"]

1. e4 c5 2. Nf3 Nc6 3. d4 cxd4 4. Nxd4 g6 5. Nc3 Bg7 6. Be3 Nf6 7. f3 0-0 8. Qd2 d5 9. h3 Nxd4 10. Bxd4 dxe4 11. fxe4 Nxe4 12. Nxe4 Qxd4 13. Qxd4 Bxd4 14. 0-0-0 Rd8 15. Bc4 b6 16. Nc3 Bb7 17. Rhf1 e6 18. Nb5 Be3+ 19. Kb1 Bxg2 20. Rfe1 Bf2 21. Rxd8+ Rxd8 22. Rc1 Bxh3 23. Nxa7 Bg2 24. a3 h5 25. b4 h4 26. Bf1 h3 27. c4 Be4+ 28. Kb2 h2 29. Bh3 Bg1 30. c5 h1Q 0-1

[Event "GER-chT U20 Girls"]
[Site "Braunschweig"]
[Date "2019.12.29"]
[Round "5.5"]
[White "Bardorz, Jana"]
[Black "Schumann, Rabea"]
[Result "0-1"]
[WhiteElo "2054"]
[BlackElo "1873"]
[PlyCount "86"]
[EventDate "2019.12.27"]
[EventType "team-swiss"]
[EventRounds "7"]
[EventCountry "GER"]
[SourceTitle "CBM 194 Extra"]
[Source "ChessBase"]
[SourceDate "2020.03.31"]
[SourceVersion "1"]
[SourceVersionDate "2020.03.31"]
[SourceQuality "1"]
[WhiteTeam "Regensburg Bavaria"]
[BlackTeam "Guestrow/Teterow"]
[WhiteTeamCountry "GER"]
[BlackTeamCountry "GER"]

1. e4 c5 2. Nf3 Nc6 3. d4 cxd4 4. Nxd4 g6 5. c4 Nf6 6. Nc3 d6 7. Be3 Ng4 8. Bc1 Bg7 9. Nc2 Bxc3+ 10. bxc3 Qa5 11. Bd2 Qc5 12. Ne3 Nce5 13. Be2 Nxe3 14. Bxe3 Qa5 15. Bd4 f6 16. f4 Nc6 17. 0-0 0-0 18. Bg4 Nxd4 19. cxd4 Qc3 20. Bf3 Qxc4 21. Rf2 e5 22. dxe5 dxe5 23. fxe5 fxe5 24. Rc1 Qf7 25. Qd6 Qf6 26. Qxf6 Rxf6 27. Rc5 b6 28. Rxe5 Bb7 29. Re7 Rf7 30. Rxb7 Rxb7 31. e5 Rab8 32. Bxb7 Rxb7 33. Re2 Kf7 34. Kf2 Ke6 35. Kf3 Rf7+ 36. Ke4 Rf5 37. Kd4 Rf4+ 38. Kc3 Rf5 39. Kd4 Rf4+ 40. Kc3 Ra4 41. Kd3 Ra5 42. Kd4 Rd5+ 43. Kc4 a6 0-1

[Event "GER-chT U20 Girls"]
[Site "Braunschweig"]
[Date "2019.12.28"]
[Round "3.4"]
[White "Brunner, Sophia"]
[Black "Schumann, Rabea"]
[Result "0-1"]
[WhiteElo "1852"]
[BlackElo "1873"]
[PlyCount "94"]
[EventDate "2019.12.27"]
[EventType "team-swiss"]
[EventRounds "7"]
[EventCountry "GER"]
[SourceTitle "CBM 194 Extra"]
[Source "ChessBase"]
[SourceDate "2020.03.31"]
[SourceVersion "1"]
[SourceVersionDate "2020.03.31"]
[SourceQuality "1"]
[WhiteTeam "Nordhorn Blanke"]
[BlackTeam "Guestrow/Teterow"]
[WhiteTeamCountry "GER"]
[BlackTeamCountry "GER"]

1. d4 Nf6 2. Nf3 g6 3. c4 Bg7 4. Nc3 d5 5. Bf4 0-0 6. e3 c6 7. h3 Nbd7 8. Rc1 Qa5 9. Qd2 Re8 10. Be2 dxc4 11. Bxc4 Nb6 12. Bb3 Nbd5 13. Nxd5 Qxd2+ 14. Kxd2 Nxd5 15. Bxd5 cxd5 16. Rc5 e6 17. Be5 Bf8 18. Rc7 Bb4+ 19. Kc1 Ba5 20. Rc2 Bd7 21. Nd2 Rac8 22. Nb3 Rxc2+ 23. Kxc2 Rc8+ 24. Kb1 Bb6 25. Rc1 Rxc1+ 26. Kxc1 Bb5 27. h4 Bc4 28. Kc2 Bxb3+ 29. Kxb3 Kf8 30. Kc3 Ke7 31. b4 a6 32. a4 Bd8 33. Bf4 Kd7 34. g3 b5 35. axb5 axb5 36. f3 h5 37. Kb3 f6 38. g4 e5 39. dxe5 fxe5 40. Bg3 e4 41. fxe4 dxe4 42. g5 Bb6 43. Bf2 Ke6 44. Kc3 Kf5 45. Kd2 Kg4 46. Ke2 Bc7 47. Be1 Bd6 0-1

[Event "GER-chT Lands U20"]
[Site "Wuerzburg"]
[Date "2019.10.03"]
[Round "3.7"]
[White "Schumann, Rabea"]
[Black "Boder, Jan"]
[Result "0-1"]
[WhiteElo "1922"]
[BlackElo "2087"]
[PlyCount "92"]
[EventDate "2019.10.01"]
[EventType "team-swiss"]
[EventRounds "7"]
[EventCountry "GER"]
[SourceTitle "EXT 2020"]
[Source "ChessBase"]
[SourceDate "2019.10.17"]
[SourceVersion "1"]
[SourceVersionDate "2019.10.17"]
[SourceQuality "1"]
[WhiteTeam "Mecklenburg Vorpommern"]
[BlackTeam "Rheinland Pfalz"]
[WhiteTeamCountry "GER"]
[BlackTeamCountry "GER"]

1. c4 e5 2. g3 Nf6 3. Bg2 d5 4. cxd5 Nxd5 5. Nc3 Nb6 6. Nf3 Nc6 7. 0-0 Be7 8. a3 0-0 9. b4 Re8 10. d3 Bf8 11. Be3 a5 12. Bxb6 cxb6 13. b5 Nd4 14. Nxd4 exd4 15. Nd5 a4 16. Qc2 Be6 17. Nf4 Bb3 18. Qb2 Qd7 19. Rfc1 Bc5 20. Rc4 Ra5 21. Qd2 Rxb5 22. Rcc1 Qe7 23. Nd5 Qd6 24. Nb4 Qe7 25. Nd5 Qd7 26. Nb4 g6 27. Rcb1 Kg7 28. Rxb3 axb3 29. Rb1 Bxb4 30. axb4 Rbe5 31. Bf3 Qa4 32. Qb2 Qxb4 33. Qxb3 Qxb3 34. Rxb3 b5 35. Bxb7 Rb8 36. Be4 b4 37. f4 Rc5 38. Kf2 Kf6 39. g4 Ke6 40. f5+ Ke5 41. fxg6 fxg6 42. h4 Rc3 43. Rb2 b3 44. h5 gxh5 45. gxh5 Rc2 46. Rb1 b2 0-1

[Event "Mecklenburg VP-ch op"]
[Site "Greifswald"]
[Date "2019.04.15"]
[Round "6.2"]
[White "Bartel, Jethro Aldrich"]
[Black "Schumann, Rabea"]
[Result "1-0"]
[WhiteElo "1450"]
[BlackElo "1917"]
[PlyCount "73"]
[EventDate "2019.04.13"]
[EventType "swiss"]
[EventRounds "7"]
[EventCountry "GER"]
[SourceTitle "EXT 2023"]
[Source "ChessBase"]
[SourceDate "2022.10.05"]
[SourceVersion "1"]
[SourceVersionDate "2022.10.05"]
[SourceQuality "1"]

1. e4 c5 2. Nf3 Nc6 3. c3 Nf6 4. e5 Nd5 5. d4 cxd4 6. cxd4 d6 7. Bc4 Nb6 8. Bb3 dxe5 9. Nxe5 Nxe5 10. dxe5 Qxd1+ 11. Bxd1 g6 12. 0-0 Bg7 13. f4 0-0 14. Bf3 Rd8 15. Nc3 Rb8 16. b3 Bf5 17. Ba3 Rd7 18. Rfd1 Rbd8 19. Bxb7 Rxd1+ 20. Rxd1 Rxd1+ 21. Nxd1 f6 22. exf6 Bxf6 23. Bb2 Bxb2 24. Nxb2 Kf7 25. Kf2 Kf6 26. Ke3 Bb1 27. a3 Bc2 28. b4 e5 29. Kd2 Bf5 30. fxe5+ Kxe5 31. a4 Kd4 32. b5 Nc4+ 33. Nxc4 Kxc4 34. Bf3 Kd4 35. a5 Kc5 36. b6 axb6 37. a6 1-0

[Event "Mecklenburg VP-ch op"]
[Site "Greifswald"]
[Date "2019.04.14"]
[Round "4.1"]
[White "Grossmann, Piet"]
[Black "Schumann, Rabea"]
[Result "1-0"]
[WhiteElo "1752"]
[BlackElo "1917"]
[PlyCount "119"]
[EventDate "2019.04.13"]
[EventType "swiss"]
[EventRounds "7"]
[EventCountry "GER"]
[SourceTitle "EXT 2023"]
[Source "ChessBase"]
[SourceDate "2022.10.05"]
[SourceVersion "1"]
[SourceVersionDate "2022.10.05"]
[SourceQuality "1"]

1. e4 c5 2. Nf3 Nc6 3. c3 d5 4. exd5 Qxd5 5. d4 Nf6 6. Be2 e6 7. 0-0 Be7 8. Be3 Ng4 9. Bf4 0-0 10. h3 Nf6 11. Be3 b6 12. Nbd2 cxd4 13. Nxd4 Nxd4 14. Bxd4 Bb7 15. Bf3 Qd7 16. Bxb7 Qxb7 17. Qf3 Qxf3 18. Nxf3 Rfd8 19. Bxf6 Bxf6 20. Rfd1 Kf8 21. Kf1 Ke7 22. Ke2 Rac8 23. Ne1 Rc6 24. Rxd8 Kxd8 25. Rd1+ Kc7 26. Nc2 Rd6 27. Rd3 Rxd3 28. Kxd3 Be7 29. Kc4 Bc5 30. f3 a6 31. a4 Kd6 32. Nb4 Bxb4 33. Kxb4 Kc6 34. Kc4 f6 35. g4 g6 36. h4 e5 37. h5 gxh5 38. gxh5 h6 39. b3 f5 40. Kd3 Kd5 41. Ke3 a5 42. Kd3 e4+ 43. fxe4+ fxe4+ 44. Ke3 Ke5 45. b4 Kd5 46. bxa5 bxa5 47. Kf4 Kc4 48. Kxe4 Kxc3 49. Kf5 Kb4 50. Kg6 Kxa4 51. Kxh6 Kb3 52. Kg6 a4 53. h6 a3 54. h7 Kb2 55. h8Q+ Kb1 56. Qb8+ Ka1 57. Qe5+ Kb1 58. Qe4+ Ka1 59. Qd4+ Kb1 60. Qb4+ 1-0

[Event "Mecklenburg VP-ch op"]
[Site "Greifswald"]
[Date "2019.04.14"]
[Round "3.1"]
[White "Schumann, Rabea"]
[Black "Schmidt, Paul1111"]
[Result "1-0"]
[WhiteElo "1917"]
[BlackElo "1926"]
[PlyCount "45"]
[EventDate "2019.04.13"]
[EventType "swiss"]
[EventRounds "7"]
[EventCountry "GER"]
[SourceTitle "EXT 2023"]
[Source "ChessBase"]
[SourceDate "2022.10.05"]
[SourceVersion "1"]
[SourceVersionDate "2022.10.05"]
[SourceQuality "1"]

1. c4 Nf6 2. g3 g6 3. Bg2 Bg7 4. Nc3 d6 5. e4 e5 6. Nge2 0-0 7. 0-0 Nbd7 8. d3 c6 9. h3 a5 10. Be3 Nh5 11. g4 Nhf6 12. Qd2 Nc5 13. f4 Bxg4 14. fxe5 Nfxe4 15. Nxe4 Nxe4 16. dxe4 Bxe2 17. Qxe2 Bxe5 18. Rad1 Qc7 19. a3 c5 20. Rd5 Kh8 21. Bf4 Bxf4 22. Rxf4 Rae8 23. Qf2 1-0

[Event "GER-chT U20 Girls"]
[Site "Osnabrueck"]
[Date "2018.12.30"]
[Round "7.1"]
[White "Schumann, Rabea"]
[Black "Bashylina, Luisa"]
[Result "1/2-1/2"]
[WhiteElo "1922"]
[BlackElo "1846"]
[PlyCount "40"]
[EventDate "2018.12.27"]
[EventType "team-swiss"]
[EventRounds "7"]
[EventCountry "GER"]
[SourceTitle "CBM 188 Extra"]
[Source "ChessBase"]
[SourceDate "2019.02.26"]
[SourceVersion "1"]
[SourceVersionDate "2019.02.26"]
[SourceQuality "1"]
[WhiteTeam "Guestrow/Teterow"]
[BlackTeam "Solingen SG"]
[WhiteTeamCountry "GER"]
[BlackTeamCountry "GER"]

1. c4 e6 2. g3 d5 3. Nf3 Nf6 4. Bg2 Be7 5. 0-0 0-0 6. b3 Nc6 7. Bb2 Re8 8. d3 d4 9. e3 e5 10. Na3 Bc5 11. exd4 exd4 12. Nc2 Bf5 13. Qd2 a5 14. a3 Qd6 15. Rfe1 h6 16. Kf1 Rab8 17. Rxe8+ Rxe8 18. Re1 Rxe1+ 19. Kxe1 Ng4 20. Qe2 Nge5 1/2-1/2

[Event "GER-chT U20 Girls"]
[Site "Osnabrueck"]
[Date "2018.12.29"]
[Round "6.1"]
[White "Klenk, Sofie"]
[Black "Schumann, Rabea"]
[Result "1/2-1/2"]
[WhiteElo "1810"]
[BlackElo "1922"]
[PlyCount "96"]
[EventDate "2018.12.27"]
[EventType "team-swiss"]
[EventRounds "7"]
[EventCountry "GER"]
[SourceTitle "CBM 188 Extra"]
[Source "ChessBase"]
[SourceDate "2019.02.26"]
[SourceVersion "1"]
[SourceVersionDate "2019.02.26"]
[SourceQuality "1"]
[WhiteTeam "Regensburg Bavaria"]
[BlackTeam "Guestrow/Teterow"]
[WhiteTeamCountry "GER"]
[BlackTeamCountry "GER"]

1. e4 c5 2. Nf3 Nc6 3. d4 cxd4 4. Nxd4 g6 5. c4 Bg7 6. Be3 Nf6 7. Nc3 0-0 8. Be2 d6 9. 0-0 Bd7 10. Rc1 Nxd4 11. Bxd4 Bc6 12. f3 a5 13. b3 Nd7 14. Be3 Nc5 15. Nd5 Re8 16. Qc2 Qb8 17. Rfd1 b6 18. a3 Qb7 19. Nc3 Rec8 20. Bd3 Ne6 21. Ne2 b5 22. Qb1 b4 23. a4 Bd7 24. f4 Nc5 25. Nd4 Re8 26. Rf1 Ne6 27. Nxe6 Bxe6 28. Be2 Bd7 29. Rcd1 Bc6 30. Bf3 Rad8 31. Qd3 Qc7 32. f5 Rc8 33. Bd4 Bxd4+ 34. Qxd4 f6 35. Bg4 g5 36. Qe3 Bb7 37. Kh1 Kg7 38. Bh5 Rh8 39. Rfe1 Qc5 40. Qg3 Bc6 41. Qe3 Qxe3 42. Rxe3 Bb7 43. Kg1 Rc5 44. Kf2 Re5 45. Rd4 Rd8 46. Bg4 Rh8 47. Bh5 Rc8 48. Bg4 Rh8 1/2-1/2

[Event "Youth District Germany"]
[Site "Wuerzburg"]
[Date "2018.10.05"]
[Round "4.4"]
[White "Chassard, Cedric"]
[Black "Schumann, Rabea"]
[Result "1/2-1/2"]
[WhiteElo "1786"]
[BlackElo "1903"]
[PlyCount "112"]
[EventDate "2018.10.02"]
[EventType "team-swiss"]
[EventRounds "7"]
[EventCountry "GER"]
[SourceTitle "CBM 186 Extra"]
[Source "ChessBase"]
[SourceDate "2018.08.24"]
[SourceVersion "1"]
[SourceVersionDate "2018.08.24"]
[SourceQuality "1"]
[WhiteTeam "Saarland U20"]
[BlackTeam "Mecklenburg-Vorpommern U20"]
[WhiteTeamCountry "GER"]
[BlackTeamCountry "GER"]

1. e4 c5 2. Nf3 Nc6 3. d4 cxd4 4. Nxd4 g6 5. c4 Bg7 6. Be3 Qb6 7. Nb5 Qa5+ 8. N1c3 Nf6 9. f3 d6 10. Be2 0-0 11. 0-0 a6 12. Nd4 Nxd4 13. Bxd4 Be6 14. Nd5 Bxd5 15. exd5 Nd7 16. Bxg7 Kxg7 17. Qd4+ Kg8 18. Rfe1 Qc5 19. Rad1 a5 20. Qf2 Qxf2+ 21. Kxf2 a4 22. Bd3 Rfe8 23. Re3 Nc5 24. Rde1 Kf8 25. Ke2 e5 26. dxe6 fxe6 27. Kd2 Ra6 28. Bc2 Rb8 29. b4 axb3 30. axb3 e5 31. Kc3 Ra2 32. R3e2 b5 33. b4 Ne6 34. Bb3 Rxe2 35. Rxe2 Nd4 36. Re4 Ra8 37. f4 Ra3 38. fxe5 dxe5 39. Rxe5 bxc4 40. Kxd4 cxb3 41. Kc3 Ra2 42. Rg5 b2 43. Kc2 Ra4 44. b5 Rb4 45. Kb1 Kf7 46. Re5 Kf6 47. Re2 Rxb5 48. Rxb2 Rxb2+ 49. Kxb2 Kf5 50. Kc2 Kf4 51. Kd3 g5 52. Kd2 h5 53. Kd3 Kf5 54. Kd2 Kf4 55. Kd3 Kf5 56. Kd2 Kf4 1/2-1/2

[Event "Youth District Germany"]
[Site "Wuerzburg"]
[Date "2018.10.04"]
[Round "3.4"]
[White "Nguyen, Alex Dac Vuong"]
[Black "Schumann, Rabea"]
[Result "1-0"]
[WhiteElo "2240"]
[BlackElo "1903"]
[PlyCount "81"]
[EventDate "2018.10.02"]
[EventType "team-swiss"]
[EventRounds "7"]
[EventCountry "GER"]
[SourceTitle "CBM 186 Extra"]
[Source "ChessBase"]
[SourceDate "2018.08.24"]
[SourceVersion "1"]
[SourceVersionDate "2018.08.24"]
[SourceQuality "1"]
[WhiteTeam "Sachsen U20"]
[BlackTeam "Mecklenburg-Vorpommern U20"]
[WhiteTeamCountry "GER"]
[BlackTeamCountry "GER"]

1. e4 c5 2. Nf3 Nc6 3. d4 cxd4 4. Nxd4 g6 5. c4 Bg7 6. Be3 Qb6 7. Nb5 Qa5+ 8. N5c3 Nf6 9. Nd2 d6 10. Nb3 Qd8 11. Be2 0-0 12. 0-0 Be6 13. f3 Nd7 14. Qd2 Re8 15. Nd5 b6 16. Rab1 Nc5 17. Nc1 Rc8 18. b4 Nd7 19. Nb3 Nde5 20. Rbc1 Nb8 21. Rfd1 Bxd5 22. cxd5 Qd7 23. Nd4 Rxc1 24. Rxc1 Rc8 25. h3 Qd8 26. f4 Ned7 27. Rc2 Bxd4 28. Bxd4 e5 29. dxe6 fxe6 30. Bc4 Nf8 31. Bb2 Qe7 32. f5 Rxc4 33. Rxc4 exf5 34. exf5 gxf5 35. Rc8 Nbd7 36. Qd5+ Qf7 37. Qxd6 Qxa2 38. Qg3+ Kf7 39. Qg7+ Ke6 40. Rc6+ Kd5 41. Qf7+ 1-0

[Event "Youth District Germany"]
[Site "Wuerzburg"]
[Date "2018.10.03"]
[Round "1.4"]
[White "Schumann, Rabea"]
[Black "Musiolik, David"]
[Result "0-1"]
[WhiteElo "1903"]
[BlackElo "2057"]
[PlyCount "124"]
[EventDate "2018.10.02"]
[EventType "team-swiss"]
[EventRounds "7"]
[EventCountry "GER"]
[SourceTitle "CBM 186 Extra"]
[Source "ChessBase"]
[SourceDate "2018.08.24"]
[SourceVersion "1"]
[SourceVersionDate "2018.08.24"]
[SourceQuality "1"]
[WhiteTeam "Mecklenburg-Vorpommern U20"]
[BlackTeam "Rheinland Pfalz U20"]
[WhiteTeamCountry "GER"]
[BlackTeamCountry "GER"]

1. c4 e6 2. Nf3 Nf6 3. g3 d5 4. Bg2 dxc4 5. Na3 Bxa3 6. bxa3 Nc6 7. Qa4 0-0 8. Qxc4 e5 9. d3 h6 10. 0-0 Nd4 11. Nxd4 Qxd4 12. Qxd4 exd4 13. Bf4 c6 14. Rab1 Rd8 15. Rfc1 Nd5 16. Bd2 g5 17. Rc5 Nc7 18. Ba5 Ne6 19. Rc2 Rd6 20. Bb4 Rd7 21. Ba5 c5 22. Bd2 Rb8 23. a4 b6 24. a5 Bb7 25. axb6 Bxg2 26. Kxg2 Rxb6 27. Rcb2 Rdb7 28. Rxb6 Rxb6 29. Rxb6 axb6 30. Kf3 f6 31. Ke4 Nc7 32. e3 dxe3 33. fxe3 Kf7 34. Bc3 h5 35. h3 Ke6 36. g4 hxg4 37. hxg4 Nb5 38. Bb2 Nd6+ 39. Kf3 c4 40. dxc4 Nxc4 41. Bd4 b5 42. Ke4 Na5 43. Kd3 Nc6 44. Bc3 Ne5+ 45. Kd4 Kd6 46. Bb4+ Kc6 47. Be7 Nxg4 48. Ke4 Kd7 49. Bc5 Ke6 50. Bd4 Ne5 51. Bb6 Nc6 52. Bc5 f5+ 53. Kd3 Kd5 54. Bf8 g4 55. a3 Ne5+ 56. Kc3 g3 57. e4+ Kxe4 58. Bc5 g2 59. Ba7 f4 60. Bb6 f3 61. Kb4 f2 62. Bxf2 Nd3+ 0-1